000 00701nam a2200193Ii 4500
003 JO-AjNU
008 230605s9999||||xx |||||||||||||| ||und||
040 _aJO-AjNU
_bara
_erda
_cJO-AjNU
041 _aara
050 1 4 _aN85 1969
100 3 _aزكي،لطفي تأليف,
_eauthor
_916354
245 0 0 _aنظريات في السلوك الفني وتطبيقاتها التربوية
264 3 1 _aمصر:دار المعارف،1969
300 _a141ص
336 _atext
_btxt
_2rdacontent
337 _aunmediated
_bn
_2rdamedia
338 _avolume
_bnc
_2rdacarrier
650 4 _aنظريات في الادراك-السلوك الفني-التطبيق التربوي-البناء الفني
_916355
999 _aA4826
_c8394
_d8394